00524nam a2200145Ia 4500008004100000100002000041245014600061245003800207260004700245260000900292300002500301500000900326650002300335650002000358170224s9999 xx 000 0 und d aRomy Fröhlich aFar from Fifty-Fifty: Legal Measures and the Relative Lack of Women in Powerful Decision-Making Positions in Germany’s Broadcasting Sector  cRomy Fröhlich & Sabine Baudisch bJournal of Broadcasting & Electronic Media cJune a60:2, Pages: 305-330 aJune xCommunication Arts xMultimedia Arts